000
00307nam a2200109Ia 4500
008
220216s9999 xx 000 0 und d
100
_a
Fernando W S E
_c
et al
245
0
_a
Latex based cement for tyre retreading and repair industry
650
_a
Latex based cement
650
_a
Tyre retreading
942
_c
JS
999
_c
61990
_d
61990